Miejscowości w gminie Solina - Statystyki

Ogólne statystyki
  • Ten quiz został rozwiązany 14 razy
  • Średni wynik to 10 z 16
Statystyki odpowiedzi
Odpowiedź % Poprawnych
Solina
92%
Bóbrka
77%
Myczków
69%
Polańczyk
69%
Zawóz
69%
Górzanka
62%
Myczkowce
62%
Werlas
62%
Wołkowyja
62%
Berezka
54%
Bukowiec
54%
Rybne
54%
Terka
54%
Bereżnica Wyżna
38%
Rajskie
38%
Wola Matiaszowa
38%
Nie znaleziono quizów pasujących do podanych kryteriów
Rozkład punktacji
Procent ludzi z każdym wynikiem
Percentyl według liczby udzielonych odpowiedzi
Twoja historia wyników
Nie rozwiązałeś tego quizu